Statistics for Every Oscar-Nominated Actor

Click here to take the quiz!

General Stats

  • This quiz has been taken 51,955 times
    (24,095 since last reset)
  • The average score is 100 of 489

Answer Stats

#Actor% Correct
6Leonardo DiCaprio
95%
3Will Smith
73%
4Brad Pitt
72%
6Tom Hanks
72%
7Robert De Niro
70%
9Al Pacino
67%
9Denzel Washington
63%
12Jack Nicholson
63%
3Tom Cruise
63%
8Marlon Brando
62%
1Samuel L. Jackson
62%
6Daniel Day-Lewis
60%
3Matt Damon
59%
5Morgan Freeman
57%
1Harrison Ford
55%
2Casey Affleck
54%
4Robin Williams
54%
4Tommy Lee Jones
52%
6Anthony Hopkins
51%
7Dustin Hoffman
51%
4George Clooney
51%
1James Earl Jones
51%
2Robert Downey Jr.
51%
1Ben Johnson
50%
4Bradley Cooper
50%
3Johnny Depp
50%
4Philip Seymour
Hoffman
50%
4Christian Bale
49%
2Cary Grant
48%
5James Stewart
48%
2Clint Eastwood
47%
5Gary Cooper
47%
2Jamie Foxx
47%
4Joaquin Phoenix
47%
1Chris Cooper
46%
4Ed Harris
46%
1Jackie Cooper
46%
1Richard E. Grant
46%
2Richard Harris
46%
1Michael Douglas
45%
9Paul Newman
45%
3Humphrey Bogart
44%
3Kirk Douglas
44%
1River Phoenix
44%
1Chill Wills
43%
1Matthew
McConaughey
43%
3Melvyn Douglas
43%
2Heath Ledger
42%
1James Caan
42%
2John Wayne
42%
1Robert Redford
42%
3Russell Crowe
42%
1Sean Connery
42%
2Sylvester Stallone
42%
2John Travolta
41%
10Laurence Olivier
41%
2Ryan Gosling
41%
5Sean Penn
41%
3Clark Gable
40%
2Nicolas Cage
40%
3Gary Oldman
39%
2Henry Fonda
39%
6Michael Caine
39%
1Peter Fonda
39%
1Burt Reynolds
38%
1Charlie Chaplin
38%
2Colin Firth
38%
1Hugh Jackman
38%
2James Dean
38%
7Jeff Bridges
38%
1Michael Keaton
38%
1Colin Farrell
37%
5Gregory Peck
37%
2Jude Law
37%
2Kevin Spacey
37%
1Liam Neeson
37%
2Sidney Poitier
37%
1Eddie Murphy
36%
3Edward Norton
36%
3Joe Pesci
36%
2Benedict
Cumberbatch
35%
5Gene Hackman
35%
2Ian McKellen
35%
1Kevin Costner
35%
1Peter Firth
35%
2Rex Harrison
35%
2Frank Sinatra
34%
8Jack Lemmon
34%
8Peter O'Toole
34%
1Woody Allen
34%
4Ben Kingsley
33%
1Dudley Moore
33%
1Bill Murray
32%
2Eddie Redmayne
32%
2Ralph Fiennes
32%
7Robert Duvall
32%
1Tim Robbins
32%
1Adrien Brody
31%
4Alec Guinness
31%
2Andrew Garfield
31%
1Charlton Heston
31%
1Don Murray
31%
1Forest Whitaker
31%
4Javier Bardem
31%
1Lee Tracy
31%
7Richard Burton
31%
9Spencer Tracy
31%
3Viggo Mortensen
31%
1Brendan Fraser
30%
1Eric Roberts
30%
2Jonah Hill
30%
1Tom Hardy
30%
1Jake Gyllenhaal
29%
1Rami Malek
29%
4Willem Dafoe
29%
4George C. Scott
28%
1Jared Leto
28%
2John Hurt
28%
1Mark Wahlberg
28%
4William Hurt
28%
3Woody Harrelson
28%
4Burt Lancaster
27%
2Christopher Walken
27%
2Christoph Waltz
27%
1Fred Astaire
27%
1Gene Kelly
27%
2John Garfield
27%
3Mark Ruffalo
27%
1Steve McQueen
27%
1Alec Baldwin
26%
4Geoffrey Rush
26%
3James Cagney
26%
4Jon Voight
26%
2Mahershala Ali
26%
1Nick Adams
26%
1Orson Welles
26%
1Antonio Banderas
25%
1Austin Butler
25%
1Brendan Gleeson
25%
1Chadwick Boseman
25%
2Ethan Hawke
25%
1Harold Russell
25%
1Jeremy Irons
25%
2Richard Dreyfuss
25%
1Steve Carell
25%
1Terrence Howard
25%
1Timothée Chalamet
25%
4Warren Beatty
25%
2Adam Driver
24%
3Bing Crosby
24%
3Christopher Plummer
24%
1Jackie Gleason
24%
1James Gleason
24%
1Laurence Fishburne
24%
2Leslie Howard
24%
1Lionel Barrymore
24%
1Ned Beatty
24%
1Rock Hudson
24%
1Tony Curtis
24%
1Trevor Howard
24%
1Bryan Cranston
23%
2James Woods
23%
2Jeremy Renner
23%
3Walter Matthau
23%
1Yul Brynner
23%
4Anthony Quinn
22%
2Benicio del Toro
22%
1Burt Young
22%
1Don Cheadle
22%
1F. Murray Abraham
22%
3Gig Young
22%
2J. K. Simmons
22%
2Michael Fassbender
22%
1Roberto Benigni
22%
1Roland Young
22%
1Stephen Rea
22%
4Alan Arkin
21%
1Cuba Gooding Jr.
21%
2Frank Morgan
21%
1Harry Carey
21%
1Jason Miller
21%
1Jean Dujardin
21%
2Peter Sellers
21%
1Robert Ryan
21%
3William Holden
21%
1Alan Alda
20%
1Andy García
20%
5Arthur Kennedy
20%
1Chief Dan George
20%
1Cliff Robertson
20%
1David Niven
20%
1Ernest Borgnine
20%
1George Kennedy
20%
1Harvey Keitel
20%
1James Franco
20%
1John Huston
20%
1Josh Brolin
20%
3Nick Nolte
20%
2Peter Finch
20%
2Ralph Richardson
20%
5Albert Finney
19%
1Clive Owen
19%
1Jack Wild
19%
3James Mason
19%
2Kenneth Branagh
19%
1Kevin Kline
19%
4Mickey Rooney
19%
1Mickey Rourke
19%
4Montgomery Clift
19%
4Walter Huston
19%
2Daniel Kaluuya
18%
1Gérard Depardieu
18%
2John Malkovich
18%
1Lee Marvin
18%
1Ryan O'Neal
18%
1Anthony Perkins
17%
1Brian Tyree Henry
17%
3Charles Laughton
17%
1Cornel Wilde
17%
1Dan Aykroyd
17%
1Dennis Hopper
17%
5Fredric March
17%
1Jesse Eisenberg
17%
1Jonathan Pryce
17%
1Justin Henry
17%
1Lewis Stone
17%
3Rod Steiger
17%
3Ronald Colman
17%
2Sam Rockwell
17%
1Albert Brooks
16%
2Billy Bob Thornton
16%
2Bruce Dern
16%
1Chester Morris
16%
1Gene Wilder
16%
1George Burns
16%
1Jaye Davidson
16%
1Joel Grey
16%
1Matt Dillon
16%
3Maximilian Schell
16%
6Paul Muni
16%
3Peter Ustinov
16%
1Robert Mitchum
16%
1Tim Roth
16%
1Art Carney
15%
1Bill Nighy
15%
1Broderick Crawford
15%
3Charles Coburn
15%
1Chiwetel Ejiofor
15%
1Denholm Elliott
15%
1Dexter Gordon
15%
3Jack Palance
15%
1James Coburn
15%
1James Garner
15%
3Jason Robards
15%
1Omar Sharif
15%
1Robert Shaw
15%
1Sam Elliott
15%
1Stanley Tucci
15%
1Dev Patel
14%
1Elliott Gould
14%
1Gary Sinise
14%
1Graham Greene
14%
2Hugh Griffith
14%
1John C. Reilly
14%
2John Gielgud
14%
3José Ferrer
14%
1Ke Huy Quan
14%
3Martin Landau
14%
1Paul Giamatti
14%
1Paul Lukas
14%
1Randy Quaid
14%
1Robert Vaughn
14%
2Roy Scheider
14%
1Sacha Baron Cohen
14%
4Walter Brennan
14%
1William H. Macy
14%
1Alan Bates
13%
1Bob Hoskins
13%
2Eddie Albert
13%
1Ian Holm
13%
1John Mills
13%
3Marcello Mastroianni
13%
2Max von Sydow
13%
1Michael Clarke
Duncan
13%
1Paul Mescal
13%
2Paul Scofield
13%
1Ray Milland
13%
2Richard Jenkins
13%
1Riz Ahmed
13%
2Robert Donat
13%
2Robert Montgomery
13%
1Steven Yeun
13%
2Thomas Mitchell
13%
1Timothy Hutton
13%
2Tom Wilkinson
13%
1Warner Baxter
13%
3William Powell
13%
1Emil Jannings
12%
1Frederic Forrest
12%
1Gary Busey
12%
1George Sanders
12%
1Greg Kinnear
12%
1Haley Joel Osment
12%
1Jim Broadbent
12%
2John Lithgow
12%
2Judd Hirsch
12%
2Karl Malden
12%
1Mark Rylance
12%
1Michael Redgrave
12%
2Peter Falk
12%
1Tom Hulce
12%
1Wallace Beery
12%
2Barry Fitzgerald
11%
1Barry Keoghan
11%
4Charles Boyer
11%
1Don Ameche
11%
2Edmond O'Brien
11%
1Edward James Olmos
11%
1Frank Langella
11%
2George Arliss
11%
1George Segal
11%
1Laurence Harvey
11%
1Louis Gossett Jr.
11%
2Michael Shannon
11%
1Sam Waterston
11%
1Thomas Haden
Church
11%
1Tom Berenger
11%
1Bruce Davison
10%
1Burl Ives
10%
4Claude Rains
10%
3Clifton Webb
10%
1Ed Begley
10%
1H. B. Warner
10%
1James Cromwell
10%
1James Dunn
10%
1Ken Watanabe
10%
2Lee J. Cobb
10%
1Leo Genn
10%
1Maurice Chevalier
10%
1Michael Dunn
10%
1Nigel Hawthorne
10%
1Red Buttons
10%
2Richard Farnsworth
10%
1Sam Shepard
10%
1Telly Savalas
10%
1Tom Conti
10%
1Topol
10%
2Victor McLaglen
10%
2Burgess Meredith
9%
1Chris Sarandon
9%
1Danny Aiello
9%
1David Strathairn
9%
2Djimon Hounsou
9%
1George Bancroft
9%
1Hal Holbrook
9%
1Jack Albertson
9%
1Jesse Plemons
9%
1Kevin McCarthy
9%
1Larry Parks
9%
1Rip Torn
9%
1Robert Forster
9%
2Sal Mineo
9%
1Seymour Cassel
9%
1Stuart Whitman
9%
2Tom Courtenay
9%
2Walter Pidgeon
9%
1Alexander Knox
8%
1Anthony Quayle
8%
2Arthur O'Connell
8%
1Barkhad Abdi
8%
2Basil Rathbone
8%
1Bobby Darin
8%
2Charles Durning
8%
1Ciarán Hinds
8%
1Dan Dailey
8%
1Daniel Massey
8%
1Dean Jagger
8%
1Demián Bichir
8%
1Donald Crisp
8%
2Edmund Gwenn
8%
1George Chakiris
8%
1Haing S. Ngor
8%
2Jack Warden
8%
1James Coco
8%
1James Stephenson
8%
2James Whitmore
8%
1Jeff Chandler
8%
1John Cassavetes
8%
1John Hawkes
8%
1Lakeith Stanfield
8%
1Leslie Odom Jr.
8%
1Martin Balsam
8%
1Pat Morita
8%
1Paul Winfield
8%
1Ralph Bellamy
8%
1Raymond Massey
8%
1Richard Dix
8%
1Richard Todd
8%
1Richard Widmark
8%
1Robert Loggia
8%
1Robert Preston
8%
1Robert Stack
8%
1Ron Moody
8%
1Terrence Stamp
8%
1Thomas Gomez
8%
1Troy Kotsur
8%
1Adolph Caesar
7%
1Alfred Lunt
7%
1Anthony Franciosa
7%
3Charles Bickford
7%
1Chazz Palminteri
7%
1Dean Stockwell
7%
1Ed Wynn
7%
1Franchot Tone
7%
1Frank Finlay
7%
1Giancarlo Giannini
7%
1Howard Rollins
7%
1Hume Cronyn
7%
1Jackie Earle Haley
7%
1John Dall
7%
1John Houseman
7%
1Lee Strasberg
7%
1Lew Ayres
7%
1Mako
7%
1Massimo Troisi
7%
2Monty Woolley
7%
1Oskar Werner
7%
1Pete Postlethwaite
7%
1Sydney Greenstreet
7%
2Vincent Gardenia
7%
1Adolphe Menjou
6%
1Albert Basserman
6%
1Armin Mueller-Stahl
6%
1Brad Dourif
6%
1Brandon deWilde
6%
1Brian Aherne
6%
2Cecil Kellaway
6%
1Dan O'Herlihy
6%
1Gene Lockhart
6%
1Ian Bannen
6%
1John Ireland
6%
1John Marley
6%
1Klaus Maria Brandauer
6%
1Kodi Smit-McPhee
6%
1Leonard Frey
6%
1Louis Calhern
6%
1Lucas Hedges
6%
1Michael Chekhov
6%
1Michael J. Pollard
6%
1Michael Lerner
6%
1Michael O'Keefe
6%
1Michael V. Gazzo
6%
1Mikhail Baryshnikov
6%
1Paul Raci
6%
1Richard Barthelmess
6%
1Richard S. Castellano
6%
1Robert Morley
6%
1Robert Strauss
6%
1Rupert Crosse
6%
1Sam Jaffe
6%
1Stanley Holloway
6%
1Tom Tully
6%
1Van Heflin
6%
1Victor Buono
6%
1Vittorio De Sica
6%
1William Bendix
6%
2Akim Tamiroff
5%
1Arthur Hunnicutt
5%
1Brian Donlevy
5%
1David Paymer
5%
1Erich von Stroheim
5%
1Henry Travers
5%
1Jack Gilford
5%
1Jack Oakie
5%
2J. Carrol Naish
5%
1Joe Mantell
5%
1Joseph Schildkraut
5%
1Laurence Tibbett
5%
1Mischa Auer
5%
1Oskar Homolka
5%
1Richard Jaeckel
5%
1Russ Tamblyn
5%
1Sessue Hayakawa
5%
1Stuart Erwin
5%
1Theodore Bikel
5%
1William Demarest
5%
1William Hickey
5%
1Jack Kruschen
4%
1William Gargan
4%

Score Distribution

Percentile by Number Answered

Percent of People with Each Score

Your Score History

You have not taken this quiz since the last reset